000 00649cab a2200241 4500
001 WB3212-30
008 090401t1996 xxu||||| |||| 00| 0 eng d
035 _a(Sirsi) u56674
041 _aeng
245 _aLand trust study
260 _c1996
350 _a0
490 _aScotsman
_v20 March 1996, 5(1)
520 _aCash for a feasibility study on transferring Scottish Office owned crofting estates to locally-led trusts has been promised.
650 _aCROFTERS
650 _aFEASIBILITY STUDY
650 _aLAND TRANSFERS
650 _aLAND TRUSTS
650 _aSCOTLAND
690 _aLAND
942 _n0
948 _c04/03/1997
999 _c34589
_d34589